|
|
|
|
| LEADER |
00000nab#a22000007a#4500 |
| 001 |
arbauad038782 |
| 003 |
AR-BaUAD |
| 005 |
20250711113031.0 |
| 008 |
990806|||||||||###||||||b###|0###a|spa|| |
| 040 |
|
|
|a AR-BaUAD
|c AR-BaUAD
|b spa
|
| 245 |
1 |
0 |
|a Auping
|b un letto su misura
|
| 300 |
0 |
|
|b fot.
|
| 653 |
|
|
|a ITALIA
|
| 653 |
|
|
|a AUPING
|
| 653 |
|
|
|a KOKKE, RUUD JAN
|
| 653 |
|
|
|a MUEBLES
|
| 653 |
|
|
|a CAMAS
|
| 653 |
|
|
|a DISEÑO INDUSTRIAL
|
| 773 |
0 |
|
|t INTERNI
|g no. 491 [jun. 1999], p. 57
|
| 942 |
|
|
|c ARTI
|
| 952 |
|
|
|0 0
|1 0
|4 0
|7 0
|9 83701
|a AR-BAuAD
|b AR-BAuAD
|d 2025-07-11
|l 0
|p AAQA038782
|r 2025-07-11 11:30:31
|w 2025-07-11
|y ARTI
|
| 990 |
|
|
|a DI199
|b TD
|
| 998 |
|
|
|a AAQ
|b BIBUN76
|
| 999 |
|
|
|c 63374
|d 63374
|